Caméras cachées de Francois Damiens - Mort Subite - Statistiques

Statistiques générales
  • Ce quiz a été pris 81 fois
  • Le résultat moyen est 9 sur 54
Answers on the Grid
Answers color-coded by a green-red scale on the quiz's grid according to % correct below.
Acteur pornographique
Agent d'interim
Agent de star
Bibliothécaire
Bijoutier
Boucher
Buraliste
Chauffeur de bus
Chauffeur de taxi
Chef d'entreprise
Chef scout
Coiffeur
Commandant de bord
Concessionnaire
Conducteur de Bus
Conservateur de musée
Contrôleur de trains
Criminel Raciste
Croupier
Cycliste
Dentiste
Docteur
Donneur de sperme
Dresseur de chiens
DRH
Empailleur
Epicier
Estheticienne
Fleuriste
Footballeur
Garagiste
Gérant d'une friterie
Glacier
Guichetier à la poste
Guichetier de bus
Guichetier de Gare
Guichetier Station de ski
Gynecologue
Horloger
Journaliste
Juge félin
Kiné
Loueur de scooters
Loueur de voiture
Maquilleur de star
Masseur
Ministre
Moniteur auto-école
Moniteur de Golf
Opticien
Parent d'élève
Parrain de la mafia
Péagiste
Pharmacien
Photographe
Pilote de chasse
Plongeur
Policier
Pressing
Producteur
Prof de Parapente
Professeur
Radiologue
Réalisateur de films X
Réceptionniste centre de bronzage
Réceptionniste thalasso
Réparateur de pare-brises
Réparateur portable
Roi du Tunning
Sage femme
Tagueur
Tatoueur
Vendeur cosmétique
Vendeur dans un magasin de bébés
Vendeur de chaussures
Vendeur de luxe
Vétérinaire
Videur de Boîte de nuit
 
Statistiques - réponses
Réponse % Correct
Tatoueur
42%
Moniteur auto-école
38%
Boucher
33%
Guichetier Station de ski
31%
Pharmacien
31%
Cycliste
29%
Donneur de sperme
29%
Roi du Tunning
27%
Dentiste
25%
Gérant d'une friterie
25%
Péagiste
25%
Coiffeur
23%
Garagiste
23%
Réparateur portable
23%
Conservateur de musée
21%
Guichetier de Gare
21%
Professeur
21%
Tagueur
21%
Guichetier de bus
19%
Loueur de voiture
19%
Masseur
19%
Pressing
19%
Bibliothécaire
17%
Concessionnaire
17%
Parent d'élève
17%
Prof de Parapente
17%
Réceptionniste centre de bronzage
17%
Vendeur dans un magasin de bébés
17%
Chauffeur de taxi
15%
Juge félin
15%
Pilote de chasse
15%
Policier
15%
Vétérinaire
15%
Agent d'interim
13%
Chef scout
13%
Commandant de bord
13%
Fleuriste
13%
Glacier
13%
Moniteur de Golf
13%
Photographe
13%
Videur de Boîte de nuit
13%
Loueur de scooters
10%
Réceptionniste thalasso
10%
Horloger
8%
Réparateur de pare-brises
8%
Vendeur de chaussures
8%
Agent de star
6%
Ministre
6%
Chef d'entreprise
4%
Conducteur de Bus
4%
Criminel Raciste
4%
Producteur
4%
Plongeur
2%
Vendeur cosmétique
2%
Aucun quiz correspondant
Distribution des résultats
% des personnes avec chaque résultat
Percentile par nombre de réponses
Votre historique - résultats
Vous n’avez pas pris ce quiz